00535cam a22002171 4500001001300000003000400013005001700017008004100034010001700075035002000092040001800112042001200130050001700142110005200159245002500211260001200236300002200248500001300270650001700283999001700300sa 67001629 DLC20260227112324.0890612s1966 ii 000 0 urdr  asa 67001629  a(OCoLC)19854788 aDLCcWaUdDLC apremarc00aPK2184b.A432 aAligarh Muslim University.bDepartment of Urdu.10aUrdū shāʻirī. c[1966?] a189, 2 p.c22 cm. aIn Urdu. 0aUrdu poetry. c72772d72772